[Event "2. Abierto Hotel Cemar 2015"]
[Site "Mondariz ESP"]
[Date "2015.08.17"]
[Round "2.16"]
[White "Garcia Bugallo, Jose Luis"]
[Black "Romera Carrion, Ruben"]
[Result "1-0"]
[WhiteElo "1815"]
[BlackElo "1191"]
[PlyCount "71"]
[EventDate "2015.08.16"]
[EventType "swiss"]
[EventRounds "9"]
[EventCountry "ESP"]
[Source "lmi"]
[SourceDate "2015.08.16"]

1. e4 e5 2. Nf3 Nc6 3. Bb5 Bc5 4. O-O d6 5. h3 Bd7 6. c3 a6 7. Ba4 b5 8. Bc2
Nf6 9. d4 Bb6 10. Re1 h6 11. Be3 O-O 12. Nbd2 Re8 13. Nf1 exd4 14. Bxd4 Be6 15.
Ng3 Nxd4 16. cxd4 c5 17. e5 dxe5 18. dxe5 Qxd1 19. Raxd1 Nh7 20. b3 c4 21. bxc4
Bxc4 22. Bb3 Bxb3 23. axb3 Re6 24. Ne4 Bc7 25. Nc5 Re7 26. Rd5 Nf8 27. Nd4 Bb6
28. b4 Ne6 29. Nf5 Rc7 30. Nd7 Ba7 31. Red1 Rd8 32. Nxh6+ gxh6 33. Nf6+ Kg7 34.
Rxd8 Nxd8 35. Rxd8 Rc4 36. Rg8# 1-0

[Event "2. Abierto Hotel Cemar 2015"]
[Site "Mondariz ESP"]
[Date "2015.08.18"]
[Round "3.1"]
[White "Rodriguez Lopez, Rafael"]
[Black "Gomez Garrido, Camilo Ernesto"]
[Result "0-1"]
[WhiteElo "2255"]
[BlackElo "2519"]
[PlyCount "106"]
[EventDate "2015.08.16"]
[EventType "swiss"]
[EventRounds "9"]
[EventCountry "ESP"]
[Source "lmi"]
[SourceDate "2015.08.16"]

1. e4 c5 2. Nf3 d6 3. d4 cxd4 4. Nxd4 Nf6 5. Nc3 a6 6. Be3 e6 7. f3 h5 8. Qd2
Qc7 9. O-O-O Nbd7 10. Kb1 b5 11. Bd3 Be7 12. Rhe1 b4 13. Nce2 Rb8 14. Bg5 Nc5
15. h4 g6 16. Nb3 a5 17. Nxc5 Qxc5 18. Nf4 Nd7 19. Bxe7 Kxe7 20. Bf1 Ne5 21.
Nd3 Nxd3 22. cxd3 Qd4 23. Qg5+ Kf8 24. Qxa5 Kg7 25. e5 d5 26. Rc1 Qxh4 27. Qa7
Rb7 28. Qe3 Bd7 29. d4 Ra8 30. b3 Rbb8 31. Rc7 Qd8 32. Rec1 Rc8 33. R7c5 Rxc5
34. Rxc5 Be8 35. Qd2 Qh4 36. Kb2 Qg3 37. Bd3 h4 38. f4 Bd7 39. Rc7 Bc8 40. Bc2
Ba6 41. Qxb4 Qxf4 42. Qb6 Qg4 43. a4 Bf1 44. a5 Ra6 45. Qc5 Ra8 46. Qb4 Rf8 47.
Qb6 Bxg2 48. a6 h3 49. a7 h2 50. Rb7 h1=Q 51. Rb8 Qf4 52. a8=Q Qfc1+ 53. Kc3
Qhe1+ 0-1

[Event "2. Abierto Hotel Cemar 2015"]
[Site "Mondariz ESP"]
[Date "2015.08.18"]
[Round "3.2"]
[White "Oratovsky, Michael"]
[Black "Ramiro Ovejero, Juan Luis"]
[Result "1/2-1/2"]
[WhiteElo "2495"]
[BlackElo "2343"]
[PlyCount "54"]
[EventDate "2015.08.16"]
[EventType "swiss"]
[EventRounds "9"]
[EventCountry "ESP"]
[Source "lmi"]
[SourceDate "2015.08.16"]

1. e4 d5 2. exd5 Qxd5 3. Nc3 Qd8 4. Ne4 Qd5 5. Nc3 Qd8 6. d4 Nf6 7. Bg5 c6 8.
Nf3 Bg4 9. Be2 e6 10. Ne4 Be7 11. Bxf6 gxf6 12. c3 Nd7 13. Nfd2 Bxe2 14. Qxe2
Nb6 15. Qf3 f5 16. Ng3 Qd5 17. Qxd5 cxd5 18. Ne2 Bd6 19. a4 a6 20. a5 Nd7 21.
Nc1 Rg8 22. g3 h5 23. Nf3 Nf8 24. Nd3 Rc8 25. Kd2 Nh7 26. h4 Nf6 27. Kc2 Ne4
1/2-1/2

[Event "2. Abierto Hotel Cemar 2015"]
[Site "Mondariz ESP"]
[Date "2015.08.18"]
[Round "3.3"]
[White "Laliena Solanes, Luis"]
[Black "Campora, Daniel H"]
[Result "0-1"]
[WhiteElo "2207"]
[BlackElo "2453"]
[PlyCount "72"]
[EventDate "2015.08.16"]
[EventType "swiss"]
[EventRounds "9"]
[EventCountry "ESP"]
[Source "lmi"]
[SourceDate "2015.08.16"]

1. e4 c6 2. Nc3 d5 3. Qf3 d4 4. Bc4 e6 5. Nce2 c5 6. Qg3 Nc6 7. Nf3 Nf6 8. d3
Nh5 9. Qg4 g6 10. Bg5 f6 11. Bd2 Qd6 12. Qh4 e5 13. g4 Ng7 14. Qg3 Bd7 15. h4
O-O-O 16. h5 g5 17. Bxg5 b5 18. Bb3 c4 19. dxc4 bxc4 20. Bxf6 Qxf6 21. Bxc4 Bd6
22. Nh4 Ne6 23. Nf5 Ng5 24. Bd5 Bc7 25. c3 Bxf5 26. gxf5 Ne7 27. cxd4 Nxd5 28.
dxe5 Bxe5 29. Rc1+ Nc7 30. Qe3 Bd4 31. Qg3 Rd7 32. O-O Nxe4 33. Qf4 Rg8+ 34.
Kh1 Qg5 35. Qxg5 Rxg5 36. Nxd4 Rxd4 0-1

[Event "2. Abierto Hotel Cemar 2015"]
[Site "Mondariz ESP"]
[Date "2015.08.18"]
[Round "3.4"]
[White "Panelo, Marcelo"]
[Black "Sande Edreira, Jose Antonio"]
[Result "1-0"]
[WhiteElo "2418"]
[BlackElo "2244"]
[PlyCount "89"]
[EventDate "2015.08.16"]
[EventType "swiss"]
[EventRounds "9"]
[EventCountry "ESP"]
[Source "lmi"]
[SourceDate "2015.08.16"]

1. d4 Nf6 2. Nf3 g6 3. g3 Bg7 4. Bg2 O-O 5. O-O d6 6. a4 c5 7. dxc5 dxc5 8. c3
Na6 9. Ne5 Rb8 10. Na3 Be6 11. Qxd8 Rfxd8 12. Nb5 Bd5 13. Nxa7 Ne4 14. Nd3 f5
15. Nb5 c4 16. Nf4 Bf7 17. Bxe4 fxe4 18. Be3 Rd7 19. Rfd1 Rbd8 20. Rxd7 Rxd7
21. Kf1 Kf8 22. Ke1 e5 23. Ng2 Ke8 24. Bb6 Bf8 25. Ne3 h5 26. h4 Be7 27. a5 Nc5
28. Bxc5 Bxc5 29. Ra4 Bxe3 30. fxe3 Ke7 31. Na3 Rc7 32. Rb4 Kf6 33. Rb6+ Ke7
34. Nc2 Rd7 35. Nb4 Be6 36. Rb5 Kf6 37. Rb6 Ke7 38. Kf2 Kf7 39. Nc2 Rc7 40. Na3
Ke7 41. Nb5 Rd7 42. Na7 Rc7 43. a6 bxa6 44. Nc6+ Kf8 45. Nxe5 1-0

[Event "2. Abierto Hotel Cemar 2015"]
[Site "Mondariz ESP"]
[Date "2015.08.18"]
[Round "3.5"]
[White "Asensio Liñan, Teodoro"]
[Black "Del Rey, Diego"]
[Result "1/2-1/2"]
[WhiteElo "2156"]
[BlackElo "2394"]
[PlyCount "137"]
[EventDate "2015.08.16"]
[EventType "swiss"]
[EventRounds "9"]
[EventCountry "ESP"]
[Source "lmi"]
[SourceDate "2015.08.16"]

1. e4 c5 2. Nf3 e6 3. c4 Nc6 4. Be2 Nge7 5. O-O Ng6 6. d4 cxd4 7. Nxd4 Bc5 8.
Nb3 Be7 9. Nc3 O-O 10. Be3 d6 11. Rc1 b6 12. Nd4 Bb7 13. Nxc6 Bxc6 14. Qd2 Qb8
15. Rfd1 Rd8 16. Bg5 Qb7 17. Bxe7 Qxe7 18. Qe3 Rac8 19. b3 h6 20. g3 Qg5 21.
Qxg5 hxg5 22. Rd2 Kf8 23. Rcd1 Ke7 24. h3 a6 25. a4 a5 26. Bf1 Nf8 27. Re1 Nd7
28. Bg2 Nc5 29. Re3 Nxb3 30. Rb2 Nc5 31. Rxb6 Bxa4 32. Nxa4 Nxa4 33. Rb5 Rxc4
34. Rxa5 Nc5 35. Bf1 Rc1 36. Kg2 Rb8 37. Ra7+ Kf8 38. Be2 Rbb1 39. Rc7 e5 40.
Ra3 Ra1 41. Rxa1 Rxa1 42. Bc4 Ne6 43. Rd7 Rd1 44. Bd5 Rd4 45. Rxd6 Nc5 46. f3
Rd2+ 47. Kg1 Ke7 48. Rc6 Nd7 49. Ra6 f6 50. Ra8 Nb6 51. Ra7+ Kd6 52. Bg8 Nd7
53. Bd5 Nb6 54. Bg8 g6 55. Bf7 Kc5 56. Bxg6 Kd4 57. h4 gxh4 58. gxh4 Ke3 59.
Ra6 Rb2 60. h5 Nc4 61. Rxf6 Nd2 62. h6 Nxf3+ 63. Rxf3+ Kxf3 64. h7 Kg3 65. Kf1
Rh2 66. Bf5 Kf4 67. Kg1 Kg3 68. Kf1 Kf4 69. Kg1 1/2-1/2

[Event "2. Abierto Hotel Cemar 2015"]
[Site "Mondariz ESP"]
[Date "2015.08.18"]
[Round "3.6"]
[White "Espiñeira Gonzalez, Diego"]
[Black "Maquieira Vidal, Alvaro"]
[Result "1-0"]
[WhiteElo "2380"]
[BlackElo "1832"]
[PlyCount "121"]
[EventDate "2015.08.16"]
[EventType "swiss"]
[EventRounds "9"]
[EventCountry "ESP"]
[Source "lmi"]
[SourceDate "2015.08.16"]

1. e4 c5 2. Nf3 d6 3. d4 cxd4 4. Nxd4 Nf6 5. Nc3 g6 6. Bc4 Bg7 7. O-O O-O 8.
Re1 Nc6 9. Nb3 Ne5 10. Bf1 Be6 11. h3 Rc8 12. Nd5 Bxd5 13. exd5 Ned7 14. g3 Re8
15. a4 Nc5 16. Ra3 Nfd7 17. Nxc5 Nxc5 18. Bb5 Nd7 19. Qg4 Rc7 20. c3 a6 21. Bf1
Nf6 22. Qd1 Rc5 23. Bg2 Nd7 24. Be3 Rc8 25. a5 Ne5 26. Bf1 Nc4 27. Bxc4 Rxc4
28. Qd3 Rc8 29. Kg2 e6 30. dxe6 Rxe6 31. Rd1 Qe7 32. Rb3 Rc6 33. Rb6 Rxb6 34.
axb6 Qd7 35. Qd5 Bf8 36. c4 Qc8 37. Bf4 Be7 38. h4 h5 39. b3 Kf8 40. Rd3 Ke8
41. b4 Bd8 42. Be3 Be7 43. f4 Bf8 44. Kf3 Be7 45. Rd1 Kd7 46. Rd3 Qc6 47. b5
axb5 48. cxb5 Qxd5+ 49. Rxd5 f5 50. Rd3 Bd8 51. Ra3 Re7 52. Ra8 Ke8 53. Bd4 Rd7
54. Bf6 d5 55. Ke3 Rd6 56. Bg5 d4+ 57. Kd3 Rd7 58. Rb8 Rd6 59. Bxd8 Rxd8 60.
Rxb7 Kf8 61. Rc7 1-0

[Event "2. Abierto Hotel Cemar 2015"]
[Site "Mondariz ESP"]
[Date "2015.08.18"]
[Round "3.7"]
[White "De Prado Rodriguez, Oscar Bruno"]
[Black "Ferreiro Diaz, Miguel"]
[Result "1-0"]
[WhiteElo "2237"]
[BlackElo "1877"]
[PlyCount "113"]
[EventDate "2015.08.16"]
[EventType "swiss"]
[EventRounds "9"]
[EventCountry "ESP"]
[Source "lmi"]
[SourceDate "2015.08.16"]

1. d4 c5 2. c3 Nf6 3. Nf3 e6 4. Bf4 b6 5. e3 Be7 6. h3 Bb7 7. Bd3 O-O 8. Nbd2
cxd4 9. exd4 d6 10. O-O Nbd7 11. Qe2 Qc7 12. Rfe1 Rfe8 13. Ng5 Nf8 14. Nde4 e5
15. Bh2 Ng6 16. h4 Nd5 17. Qh5 Bxg5 18. Qxg5 h6 19. Qg3 Re6 20. c4 Ndf4 21. d5
Re7 22. Bf1 Rf8 23. Qa3 Rd8 24. g3 f5 25. Nd2 Nh5 26. Qf3 Nf6 27. Qxf5 Nf8 28.
Ne4 Rf7 29. Nxf6+ Rxf6 30. Qe4 Ne6 31. Bd3 g6 32. Qe3 Nd4 33. f4 Rdf8 34. Rf1
Qe7 35. Rae1 Nf5 36. Qe4 Bc8 37. Kg2 Qd7 38. fxe5 dxe5 39. Qxe5 b5 40. Bxf5
gxf5 41. c5 Qg7 42. Rf4 b4 43. c6 a5 44. Bg1 Ba6 45. Bd4 Qg6 46. d6 Rxd6 47. h5
Qf6 48. Qxf6 Rfxf6 49. Bxf6 Rxf6 50. c7 Rc6 51. Re7 Bb7 52. Kf1 Kf8 53. Rh7 Ke8
54. Rxf5 b3 55. axb3 a4 56. bxa4 Re6 57. Rd5 1-0

[Event "2. Abierto Hotel Cemar 2015"]
[Site "Mondariz ESP"]
[Date "2015.08.18"]
[Round "3.8"]
[White "Tallarico Tallarico, Ovidio Mario"]
[Black "Picazo Gonzalez, Ana"]
[Result "1-0"]
[WhiteElo "2114"]
[BlackElo "1851"]
[PlyCount "83"]
[EventDate "2015.08.16"]
[EventType "swiss"]
[EventRounds "9"]
[EventCountry "ESP"]
[Source "lmi"]
[SourceDate "2015.08.16"]

1. g3 d5 2. Bg2 e6 3. Nf3 c5 4. O-O Nc6 5. d4 Nf6 6. c4 Be7 7. cxd5 exd5 8. Nc3
O-O 9. h3 c4 10. Ne5 Be6 11. Nxc4 dxc4 12. d5 Nxd5 13. Nxd5 Bc5 14. Bf4 Rc8 15.
Rc1 g5 16. Be3 Bxe3 17. Nxe3 Qxd1 18. Rfxd1 b5 19. Rd6 Ne5 20. f4 gxf4 21. gxf4
c3 22. b3 Ng6 23. f5 Nf4 24. Kf2 Bxb3 25. axb3 Rfe8 26. Bf1 Re4 27. Nd5 Nxd5
28. Rxd5 Rb4 29. e3 a6 30. Rd6 Rxb3 31. Rxa6 Rb2+ 32. Kf3 b4 33. f6 h6 34. Bd3
Rd2 35. Bf5 Rb8 36. Rb1 Rd5 37. Bc2 Rdb5 38. Bb3 R5b6 39. Rba1 h5 40. h4 Rb5
41. Ke2 R5b6 42. Rxb6 1-0

[Event "2. Abierto Hotel Cemar 2015"]
[Site "Mondariz ESP"]
[Date "2015.08.18"]
[Round "3.9"]
[White "Perez Romero, Alfredo"]
[Black "Campos Calvo-sotelo, Javier"]
[Result "1-0"]
[WhiteElo "1806"]
[BlackElo "2087"]
[PlyCount "123"]
[EventDate "2015.08.16"]
[EventType "swiss"]
[EventRounds "9"]
[EventCountry "ESP"]
[Source "lmi"]
[SourceDate "2015.08.16"]

1. e4 e5 2. Nf3 Nc6 3. Bb5 a6 4. Ba4 Nf6 5. d3 d6 6. c3 Be7 7. O-O O-O 8. Re1
b5 9. Bb3 Bg4 10. Nbd2 Na5 11. Bc2 c5 12. Nf1 Qc7 13. Ng3 h6 14. h3 Be6 15. Be3
Rfe8 16. Qd2 Bf8 17. Nh4 d5 18. exd5 Nxd5 19. Nhf5 Nf4 20. Nh4 Rad8 21. Bxf4
exf4 22. Nh5 Bd6 23. Re4 Bd5 24. Rxe8+ Rxe8 25. Re1 Rxe1+ 26. Qxe1 Qe7 27. Qxe7
Bxe7 28. Nf5 Bf8 29. Nhxg7 Bxa2 30. Ne8 Be6 31. Nh4 Be7 32. Nf3 Nc6 33. Nc7 Bc8
34. Nd5 Bd6 35. Nd2 Be6 36. Ne4 Bb8 37. Ndf6+ Kg7 38. Ng4 h5 39. Nh2 c4 40. d4
b4 41. Nc5 Bc8 42. Nf3 a5 43. Be4 Ne7 44. Nd2 f5 45. Bf3 bxc3 46. bxc3 Bd6 47.
Nxc4 Bxc5 48. dxc5 a4 49. Bd1 Be6 50. Na3 Bb3 51. Bxh5 Nd5 52. c6 Nxc3 53. Be8
Nd5 54. Bd7 Kf6 55. Kf1 Ke5 56. Ke2 Nc7 57. h4 Ne6 58. Kd2 f3 59. g3 Kd6 60.
Kc3 Nc5 61. Bxf5 Kxc6 62. h5 1-0

[Event "2. Abierto Hotel Cemar 2015"]
[Site "Mondariz ESP"]
[Date "2015.08.18"]
[Round "3.10"]
[White "Belsley, Alexandre"]
[Black "Gonzalez Eiris, Daniel"]
[Result "1-0"]
[WhiteElo "2026"]
[BlackElo "1833"]
[PlyCount "47"]
[EventDate "2015.08.16"]
[EventType "swiss"]
[EventRounds "9"]
[EventCountry "ESP"]
[Source "lmi"]
[SourceDate "2015.08.16"]

1. d4 e6 2. c4 f5 3. Nc3 Nf6 4. Qc2 Bb4 5. a3 Bxc3+ 6. Qxc3 O-O 7. g3 d6 8. Bg2
Nbd7 9. Nf3 Qe8 10. O-O e5 11. dxe5 dxe5 12. b4 e4 13. Nd4 Ne5 14. Nb5 Qe7 15.
Bf4 Nfg4 16. f3 g5 17. Bc1 exf3 18. exf3 a6 19. fxg4 axb5 20. Re1 Re8 21. Bb2
fxg4 22. Rxe5 Qxe5 23. Qxe5 bxc4 24. Qxe8# 1-0

[Event "2. Abierto Hotel Cemar 2015"]
[Site "Mondariz ESP"]
[Date "2015.08.18"]
[Round "3.11"]
[White "Fernandez Lopez, Ruben"]
[Black "Garcia Sobrino, David"]
[Result "0-1"]
[WhiteElo "1795"]
[BlackElo "2026"]
[PlyCount "58"]
[EventDate "2015.08.16"]
[EventType "swiss"]
[EventRounds "9"]
[EventCountry "ESP"]
[Source "lmi"]
[SourceDate "2015.08.16"]

1. e4 e6 2. d4 d5 3. Nd2 Nf6 4. e5 Nfd7 5. Bd3 c5 6. c3 Nc6 7. Ne2 cxd4 8. cxd4
f6 9. exf6 Nxf6 10. O-O Bd6 11. Nf3 O-O 12. Ng3 e5 13. dxe5 Nxe5 14. Nxe5 Bxe5
15. Nh5 Ng4 16. g3 Qb6 17. Qc2 Nxf2 18. Bxh7+ Kh8 19. Bf4 Bxf4 20. Nxf4 Rxf4
21. gxf4 Ne4+ 22. Kh1 Kxh7 23. Rac1 Bf5 24. Qe2 Qh6 25. Qf3 Nd2 26. Qe2 Be4+
27. Kg1 Qg6+ 28. Kf2 Qg2+ 29. Ke3 Nc4+ 0-1

[Event "2. Abierto Hotel Cemar 2015"]
[Site "Mondariz ESP"]
[Date "2015.08.18"]
[Round "3.12"]
[White "Rodriguez Dominguez, Miguel I"]
[Black "Gomez Fernandez, Pedro Javier"]
[Result "1-0"]
[WhiteElo "2017"]
[BlackElo "1540"]
[PlyCount "57"]
[EventDate "2015.08.16"]
[EventType "swiss"]
[EventRounds "9"]
[EventCountry "ESP"]
[Source "lmi"]
[SourceDate "2015.08.16"]

1. d4 d5 2. Nf3 Nf6 3. e3 Bf5 4. Bd3 Bg6 5. O-O e6 6. c4 c5 7. cxd5 exd5 8. Nc3
Nc6 9. Bxg6 hxg6 10. dxc5 Bxc5 11. Qb3 Qd7 12. Rd1 Ne7 13. e4 Rd8 14. Bg5 d4
15. Ne5 Qe6 16. Qb5+ Nc6 17. Nxc6 Qxc6 18. e5 Rh5 19. Qxc6+ bxc6 20. exf6 Rxg5
21. fxg7 Ke7 22. Re1+ Kd7 23. Ne4 Rf5 24. g4 Rf4 25. Nxc5+ Kc8 26. h3 Rg8 27.
Re7 a5 28. Rae1 Rxg7 29. Ne6 1-0

[Event "2. Abierto Hotel Cemar 2015"]
[Site "Mondariz ESP"]
[Date "2015.08.18"]
[Round "3.13"]
[White "Dominguez Fernandez, Angel I"]
[Black "Buitron Ramil, David"]
[Result "1-0"]
[WhiteElo "1992"]
[BlackElo "1641"]
[PlyCount "103"]
[EventDate "2015.08.16"]
[EventType "swiss"]
[EventRounds "9"]
[EventCountry "ESP"]
[Source "lmi"]
[SourceDate "2015.08.16"]

1. d4 Nf6 2. Nc3 e6 3. e4 d5 4. Bg5 Be7 5. e5 Nfd7 6. h4 a6 7. Qg4 h5 8. Bxe7
hxg4 9. Bxd8 Kxd8 10. Be2 c5 11. dxc5 Nxe5 12. O-O-O Nbd7 13. Na4 f5 14. f3
gxf3 15. Nxf3 Nxf3 16. Bxf3 Kc7 17. Rde1 Rh6 18. g4 fxg4 19. Bxg4 Kc6 20. Rxe6+
Rxe6 21. Bxe6 Nxc5 22. Bxd5+ Kb5 23. Nc3+ Kb6 24. b4 Ne6 25. Re1 Nf4 26. Re8
Nxd5 27. Nxd5+ Ka7 28. h5 Bg4 29. Re5 Rh8 30. Nf4 Rh7 31. Kd2 Rh6 32. Rg5 Bf3
33. Ke3 Bd1 34. c4 Rh7 35. c5 Ka8 36. Kd4 Bf3 37. Ke5 Rh6 38. a4 Bd1 39. b5
axb5 40. axb5 Kb8 41. Kf5 Bc2+ 42. Kg4 Bd1+ 43. Kh4 b6 44. c6 Rh7 45. Rd5 Bc2
46. Rd8+ Kc7 47. Rd7+ Kc8 48. Nd5 g5+ 49. Kxg5 Rxd7 50. Nxb6+ Kc7 51. Nxd7 Bd3
52. h6 1-0

[Event "2. Abierto Hotel Cemar 2015"]
[Site "Mondariz ESP"]
[Date "2015.08.18"]
[Round "3.15"]
[White "Torcal Miguel, Oscar"]
[Black "Dominguez Certal, Dario"]
[Result "1-0"]
[WhiteElo "1969"]
[BlackElo "1468"]
[PlyCount "77"]
[EventDate "2015.08.16"]
[EventType "swiss"]
[EventRounds "9"]
[EventCountry "ESP"]
[Source "lmi"]
[SourceDate "2015.08.16"]

1. e4 c5 2. Nf3 Nc6 3. d4 cxd4 4. Nxd4 e5 5. Nb3 Nf6 6. Nc3 Bb4 7. Bg5 h6 8.
Bxf6 Qxf6 9. Qd3 O-O 10. a3 Bxc3+ 11. Qxc3 d6 12. f3 Be6 13. Bc4 Rac8 14. Bxe6
Qxe6 15. Qd2 f5 16. O-O fxe4 17. fxe4 Rxf1+ 18. Rxf1 Rf8 19. Rd1 Rd8 20. Na5
Qe7 21. Qd5+ Kh8 22. Nxc6 bxc6 23. Qxc6 Qh4 24. g3 Qg4 25. Rf1 Qe2 26. Rf2 Qe3
27. Kg2 d5 28. exd5 Qe4+ 29. Kh3 h5 30. Qe6 Rd6 31. Qxd6 Qg4+ 32. Kg2 Qe4+ 33.
Kf1 Qh1+ 34. Ke2 Qe4+ 35. Kd1 Qd4+ 36. Ke1 Qe3+ 37. Kf1 Qe4 38. Qf8+ Kh7 39.
Qf5+ 1-0

[Event "2. Abierto Hotel Cemar 2015"]
[Site "Mondariz ESP"]
[Date "2015.08.18"]
[Round "3.16"]
[White "Campos Calvo-sotelo, Juan"]
[Black "Gonzalez Sanchez, Javier"]
[Result "1-0"]
[WhiteElo "1956"]
[BlackElo "1253"]
[PlyCount "39"]
[EventDate "2015.08.16"]
[EventType "swiss"]
[EventRounds "9"]
[EventCountry "ESP"]
[Source "lmi"]
[SourceDate "2015.08.16"]

1. b4 d5 2. e3 e6 3. Bb2 Nf6 4. a3 Be7 5. c4 dxc4 6. Bxc4 O-O 7. Nc3 c5 8. b5
Qc7 9. Nf3 Rd8 10. Qc2 b6 11. Ne4 Nbd7 12. Neg5 Nf8 13. Ne5 Nd5 14. Ngxf7 Bf6
15. Nxd8 Bxe5 16. Nc6 Bd6 17. Qe4 Qf7 18. Nd8 Qe8 19. Bxd5 Qxd8 20. Bxa8 1-0

[Event "2. Abierto Hotel Cemar 2015"]
[Site "Mondariz ESP"]
[Date "2015.08.18"]
[Round "3.17"]
[White "Galvez Perez, Jose Luis"]
[Black "Del Prado Rodriguez, Xulio"]
[Result "1-0"]
[WhiteElo "1906"]
[BlackElo "1153"]
[PlyCount "47"]
[EventDate "2015.08.16"]
[EventType "swiss"]
[EventRounds "9"]
[EventCountry "ESP"]
[Source "lmi"]
[SourceDate "2015.08.16"]

1. d4 g6 2. e4 Bg7 3. Nc3 Nc6 4. Nf3 d6 5. Bb5 Nf6 6. d5 a6 7. Ba4 b5 8. Nxb5
axb5 9. Bxb5 O-O 10. Bxc6 Rb8 11. Qd3 Bd7 12. Nd4 Ng4 13. f4 e5 14. Bxd7 Qxd7
15. Nc6 Rb6 16. h3 Nh6 17. fxe5 dxe5 18. O-O Re8 19. b3 Qd6 20. Be3 Rb7 21. Qd2
Qf8 22. a4 f5 23. a5 Ra8 24. a6 1-0

[Event "2. Abierto Hotel Cemar 2015"]
[Site "Mondariz ESP"]
[Date "2015.08.18"]
[Round "4.1"]
[White "Gomez Garrido, Camilo Ernesto"]
[Black "Panelo, Marcelo"]
[Result "1/2-1/2"]
[WhiteElo "2519"]
[BlackElo "2418"]
[PlyCount "77"]
[EventDate "2015.08.16"]
[EventType "swiss"]
[EventRounds "9"]
[EventCountry "ESP"]
[Source "lmi"]
[SourceDate "2015.08.16"]

1. e4 c5 2. Nf3 d6 3. c3 Nf6 4. h3 Nbd7 5. Bd3 b6 6. O-O Bb7 7. Re1 Rc8 8. Bc2
Qc7 9. d3 g6 10. Nbd2 Bg7 11. a4 a6 12. Nf1 O-O 13. Ng3 b5 14. Be3 Rfd8 15. Qd2
Ne5 16. Nxe5 dxe5 17. Qe2 Nd7 18. Nf1 Nf8 19. f3 Ne6 20. Qf2 Rd6 21. axb5 axb5
22. Ra7 Ra8 23. Rxa8+ Bxa8 24. Ra1 Bb7 25. Nd2 h5 26. Nb3 Rc6 27. Ra7 Qb6 28.
Ra1 Qc7 29. Ra7 Qb6 30. Ra3 Qc7 31. Na5 b4 32. Ra4 Ra6 33. Nxb7 Qxb7 34. Qd2
bxc3 35. bxc3 Rb6 36. Kh2 Bf6 37. Ra5 Rb2 38. Qc1 Nf4 39. Ra7 1/2-1/2

[Event "2. Abierto Hotel Cemar 2015"]
[Site "Mondariz ESP"]
[Date "2015.08.18"]
[Round "4.2"]
[White "Campora, Daniel H"]
[Black "Espiñeira Gonzalez, Diego"]
[Result "1/2-1/2"]
[WhiteElo "2453"]
[BlackElo "2380"]
[PlyCount "89"]
[EventDate "2015.08.16"]
[EventType "swiss"]
[EventRounds "9"]
[EventCountry "ESP"]
[Source "lmi"]
[SourceDate "2015.08.16"]

1. Nf3 e6 2. g3 Nf6 3. Bg2 d5 4. O-O Bd6 5. d4 O-O 6. Nbd2 c5 7. c4 Nc6 8. dxc5
Bxc5 9. a3 a5 10. cxd5 exd5 11. Nb3 Ba7 12. Nbd4 Re8 13. Bf4 h6 14. Nxc6 bxc6
15. Rc1 Ba6 16. Rc2 g5 17. Be5 Bb5 18. b3 a4 19. b4 g4 20. Bxf6 Qxf6 21. Nh4
Re5 22. e3 Bxf1 23. Bxf1 h5 24. Qc1 Rc8 25. Bd3 Qd6 26. Qb2 Rce8 27. Ng2 d4 28.
e4 Rxe4 29. Qc1 R4e6 30. Qg5+ Kf8 31. Qxh5 Qd5 32. Qxd5 cxd5 33. Nf4 Re1+ 34.
Kg2 Ra1 35. Bf5 Rxa3 36. Bxg4 d3 37. Rd2 Rb3 38. Bd1 Rxb4 39. Nxd5 Rb1 40. Bxa4
Rd8 41. Nf4 Rb4 42. Bc6 Rc4 43. Bb5 Rc2 44. Rxd3 Rxf2+ 45. Kh3 1/2-1/2

[Event "2. Abierto Hotel Cemar 2015"]
[Site "Mondariz ESP"]
[Date "2015.08.18"]
[Round "4.3"]
[White "Del Rey, Diego"]
[Black "Oratovsky, Michael"]
[Result "1/2-1/2"]
[WhiteElo "2394"]
[BlackElo "2495"]
[PlyCount "61"]
[EventDate "2015.08.16"]
[EventType "swiss"]
[EventRounds "9"]
[EventCountry "ESP"]
[Source "lmi"]
[SourceDate "2015.08.16"]

1. d4 d5 2. c4 c6 3. cxd5 cxd5 4. Nc3 Nf6 5. Nf3 Nc6 6. Bf4 a6 7. e3 Bg4 8. Be2
e6 9. Ne5 Bxe2 10. Qxe2 Rc8 11. O-O Bd6 12. Nxc6 Rxc6 13. Bxd6 Qxd6 14. Rac1
O-O 15. a3 Rfc8 16. Na2 Rxc1 17. Rxc1 Rxc1+ 18. Nxc1 Qc7 19. Na2 Ne4 20. f3 Nd6
21. Nc3 Qc6 22. Qf2 f6 23. Qc2 Kf8 24. Qb3 Ke7 25. a4 Qc4 26. Qb6 Kd7 27. g4
Qc6 28. Qb4 Qc4 29. Qb6 Qc6 30. Qb4 Qc4 31. Qb6 1/2-1/2

[Event "2. Abierto Hotel Cemar 2015"]
[Site "Mondariz ESP"]
[Date "2015.08.18"]
[Round "4.4"]
[White "Ramiro Ovejero, Juan Luis"]
[Black "Asensio Liñan, Teodoro"]
[Result "1-0"]
[WhiteElo "2343"]
[BlackElo "2156"]
[PlyCount "97"]
[EventDate "2015.08.16"]
[EventType "swiss"]
[EventRounds "9"]
[EventCountry "ESP"]
[Source "lmi"]
[SourceDate "2015.08.16"]

1. e4 e6 2. d4 d5 3. Nd2 h6 4. Ngf3 Nf6 5. e5 Nfd7 6. Bd3 c5 7. c3 Nc6 8. O-O
Be7 9. Re1 a5 10. Nf1 a4 11. a3 Qb6 12. Bc2 cxd4 13. cxd4 Qa7 14. Ng3 g6 15.
Ne2 b5 16. Nc3 Rb8 17. Bd3 Ba6 18. Qe2 b4 19. Bxa6 bxc3 20. bxc3 Na5 21. Ra2
Nb3 22. Be3 Qb6 23. Bd3 Qa5 24. c4 dxc4 25. Bxc4 Nb6 26. Nd2 Qc3 27. Bb5+ Kf8
28. Ne4 Qa5 29. Rd1 Kg7 30. Nf6 Qa8 31. h4 Bxf6 32. exf6+ Kh7 33. Rc2 Nd5 34.
Bc6 Qa5 35. Bxd5 Qxd5 36. Rc7 Rb7 37. Rxb7 Qxb7 38. Qc4 Qd7 39. d5 e5 40. d6
Nd4 41. Bxd4 exd4 42. Rxd4 Rd8 43. Re4 Rc8 44. Re7 Rxc4 45. Rxd7 g5 46. h5 Rd4
47. Rxf7+ Kg8 48. Rg7+ Kh8 49. d7 1-0

[Event "2. Abierto Hotel Cemar 2015"]
[Site "Mondariz ESP"]
[Date "2015.08.18"]
[Round "4.6"]
[White "Sande Edreira, Jose Antonio"]
[Black "Torcal Miguel, Oscar"]
[Result "1-0"]
[WhiteElo "2244"]
[BlackElo "1969"]
[PlyCount "99"]
[EventDate "2015.08.16"]
[EventType "swiss"]
[EventRounds "9"]
[EventCountry "ESP"]
[Source "lmi"]
[SourceDate "2015.08.16"]

1. c4 e5 2. g3 Nf6 3. Bg2 d5 4. cxd5 Nxd5 5. Nc3 Nb6 6. Nf3 Nc6 7. O-O Be7 8.
d3 O-O 9. Be3 Be6 10. Rc1 Nd5 11. Nxd5 Bxd5 12. Qa4 f6 13. a3 a5 14. Qb5 Rb8
15. Rc2 Be6 16. Rfc1 Qd7 17. Nd2 Bd6 18. Nc4 Rfd8 19. Nxa5 Nxa5 20. Qxa5 c6 21.
Bc5 Re8 22. Bxd6 Qxd6 23. Qb6 Qd4 24. Qxd4 exd4 25. e4 dxe3 26. fxe3 Rbd8 27.
d4 Bf5 28. Rc3 Kf7 29. Kf2 Re7 30. Rb3 Be6 31. Rb6 Rde8 32. Rc3 f5 33. b4 Rd8
34. b5 cxb5 35. Rxb5 Rc8 36. Rxc8 Bxc8 37. Rc5 Re8 38. Rc7+ Kf6 39. Bxb7 Bxb7
40. Rxb7 Ra8 41. Rb3 Ke6 42. Kf3 Kd5 43. h4 g6 44. Rb7 Rxa3 45. Rxh7 Ke6 46. h5
g5 47. Rh6+ Kf7 48. Rg6 g4+ 49. Kf4 Ra5 50. Rc6 1-0

[Event "2. Abierto Hotel Cemar 2015"]
[Site "Mondariz ESP"]
[Date "2015.08.18"]
[Round "4.7"]
[White "Carraminana Lopez, Luis Antonio"]
[Black "De Prado Rodriguez, Oscar Bruno"]
[Result "0-1"]
[WhiteElo "1970"]
[BlackElo "2237"]
[PlyCount "46"]
[EventDate "2015.08.16"]
[EventType "swiss"]
[EventRounds "9"]
[EventCountry "ESP"]
[Source "lmi"]
[SourceDate "2015.08.16"]

1. e4 d5 2. exd5 Qxd5 3. Nc3 Qd6 4. d4 Nf6 5. Nf3 g6 6. Nb5 Qb6 7. c4 c6 8. Nc3
Bg7 9. Be2 O-O 10. O-O Rd8 11. Qb3 Qxb3 12. axb3 Na6 13. Bf4 Bf5 14. Rfd1 Ne4
15. Nxe4 Bxe4 16. Ne5 f6 17. Nf3 Rd7 18. Be3 Nb4 19. Ne1 f5 20. f3 f4 21. fxe4
fxe3 22. Nf3 Nc2 23. Ne5 Rxd4 0-1